000 00496nam a22001577a 4500
005 20250129112914.0
008 250129b |||||||| |||| 00| 0 eng d
020 _a9780801654985
050 _aRB111
_b.P3
245 _aPathology/
_bAnderson's Volume 1& 2
_cedited by John M. Kissane
250 _a9th ed.
_binternational edition
260 _aSt. Louis
_bThe C. V. Mosby Company
_c1990
300 _axv. 1076. 72.
_bill. some color
_c28cm
700 _aKissane, John M.
942 _2lcc
_cBK
_e9th ed.
_n0
999 _c3204
_d3204